<?xml version="1.0" encoding="UTF-8"?>
<marc:record xmlns:marc="http://www.loc.gov/MARC21/slim">
   <marc:leader>00000nam a2200000 a 4500</marc:leader>
   <marc:datafield ind1="1" ind2=" " tag="100">
      <marc:subfield code="a">Ziegler, Christine</marc:subfield>
      <marc:subfield code="4">aut</marc:subfield>
      <marc:subfield code="e">Verfasser/-in</marc:subfield>
   </marc:datafield>
   <marc:datafield ind1="0" ind2="0" tag="245">
      <marc:subfield code="a">Sauer macht listig</marc:subfield>
   </marc:datafield>
   <marc:datafield ind1="0" ind2="0" tag="245">
      <marc:subfield code="c">Christine Ziegler</marc:subfield>
   </marc:datafield>
   <marc:datafield ind1=" " ind2="1" tag="264">
      <marc:subfield code="a">Freiburg</marc:subfield>
      <marc:subfield code="b">Audiobuch Verlag</marc:subfield>
      <marc:subfield code="c">2020</marc:subfield>
   </marc:datafield>
   <marc:datafield ind1="1" ind2=" " tag="520">
      <marc:subfield code="a">Bisher glaubte Elenor, 46, eine glückliche Ehe zu führen. Bisher, denn als Paul ihr im Ehebett eine Affäre beichtet, fällt sie völlig ungebremst aus den Wolken auf die harte Realität der Kaltschaummatratze. Sie muss erkennen, dass sie sich selbst und ihre Wünsche irgendwo zwischen Kinderbetreuung und haushaltsnahen Dienstleistungen verloren hat. Ihre beste Freundin rät ihr, bei Paul zu bleiben, denn was soll sie schon tun als Hausfrau ohne Job und Berufsabschluss? Doch Elenors Enttäuscung wandelt sich in Kampfgeist. Sie ist nicht nur sauer, sondern auch ziemlich listig!</marc:subfield>
   </marc:datafield>
   <marc:datafield ind1=" " ind2=" " tag="020">
      <marc:subfield code="a">9783958625624</marc:subfield>
      <marc:subfield code="9">9783958625624</marc:subfield>
   </marc:datafield>
   <marc:datafield ind1="0" ind2=" " tag="490">
      <marc:subfield code="v">0</marc:subfield>
   </marc:datafield>
   <marc:datafield ind1=" " ind2=" " tag="300">
      <marc:subfield code="a">583 S.</marc:subfield>
   </marc:datafield>
</marc:record>
